000 02131nam a2200313 a 4500
003 CO-PeBPR
005 20260428102111.0
008 260415e2024 ck a|||| n||| 00| 0 spa c
020 _a9789585022102
040 0 _aCO-PeBPR
_bspa
_cCO-PeBPR
_erda
041 0 _hspa
082 0 4 _a986.106 B326g
100 1 _aBastidas Urresty, Édgar
_eautor
245 1 0 _aLa guerra de los mil días
_b: en la historia de Colombia
_c/ Édgar Bastidas Urresty
250 _aEdición especial
264 1 _aBogotá, Colombia
_b: Grupo Editorial Ubáñez
_c, 2024
300 _a324 páginas
_b: ilustraciones, fotografías en blanco y negro
_c; 23 centímetros
336 _atexto
_btxt
_crdacontenido
337 _asin mediación
_bn
_2rdamedio
338 _avolumen
_bnc
_2rdasoporte
500 _aIncluye índice.
520 _a Señalo las causas que motivaron esta guerra, sus actores, en qué circunstancias trascurrió, los vencedores y vencidos, los males que causó, las lecciones que dejó en la historia del país, en la vida de los colombianos. La parte final del libro, está dedicada a la guerra de los Mil días en el sur de Colombia, en lo que hoy es el departamento de Nariño, las razones y circunstancias de la participación en ella del Ecuador por razones políticas, ya que Eloy Alfaro, presidente liberal radical ecuatoriano prestó ayuda económica y militar a los liberales revolucionarios colombianos. La fortaleza del gobierno conservador colombiano, sustentada en el ejército nacional, el apoyo que recibió de la iglesia católica, le permitió ganar la guerra, con relativa facilidad, a pesar de la dura resistencia liberal, especialmente en Santander, el oriente y el sur colombiano. La excesiva prolongación de la guerra por tres años, obligó a las partes a buscar la paz, sobre todo al liberalismo, que ya no estaba en condiciones de prolongarla.
650 1 4 _2LEMB
_aGuerra de los mil días
650 1 4 _2LEMB
_aBatalla de Palonegro
_zSantander, Colombia
650 1 4 _2LEMB
_aGuerras civiles
_zColombia
650 1 4 _2LEMB
_aHistoria
_y1899-1902
651 _2Colombia
_xGuerra de los mil días
942 _2ddc
_cBK
999 _c17799
_d17799